Phase transformations in metal alloys / (Record no. 608436)
[ view plain ]
| 000 -LEADER | |
|---|---|
| fixed length control field | 00409nam a22001457a 4500 |
| 020 ## - INTERNATIONAL STANDARD BOOK NUMBER | |
| International Standard Book Number | 9780367430344 |
| 040 ## - CATALOGING SOURCE | |
| Transcribing agency | SCME |
| 082 ## - DEWEY DECIMAL CLASSIFICATION NUMBER | |
| Classification number | 669.94 P832P |
| 100 ## - MAIN ENTRY--PERSONAL NAME | |
| Personal name | Porter ,David A., Kenneth E. Easterling, Mohamed Y. Sherif |
| 9 (RLIN) | 127756 |
| 245 ## - TITLE STATEMENT | |
| Title | Phase transformations in metal alloys / |
| Statement of responsibility, etc. | David A. Porter |
| 250 ## - EDITION STATEMENT | |
| Edition statement | 4th edition |
| 260 ## - PUBLICATION, DISTRIBUTION, ETC. | |
| Place of publication, distribution, etc. | New York |
| Name of publisher, distributor, etc. | CRC Press |
| Date of publication, distribution, etc. | 2022 |
| 300 ## - PHYSICAL DESCRIPTION | |
| Extent | 556P. |
| 942 ## - ADDED ENTRY ELEMENTS (KOHA) | |
| Source of classification or shelving scheme | |
| Koha item type | Book |
| Withdrawn status | Lost status | Source of classification or shelving scheme | Damaged status | Not for loan | Permanent Location | Current Location | Shelving location | Date acquired | Full call number | Barcode | Date last seen | Price effective from | Koha item type |
|---|---|---|---|---|---|---|---|---|---|---|---|---|---|
| School of Chemical & Materials Engineering (SCME) | School of Chemical & Materials Engineering (SCME) | Book Cart | 02/28/2024 | 669.94 P832P | SCME-4864 | 02/28/2024 | 02/28/2024 | Book |
